[Event "POR-ch blitz"]
[Site "Almada"]
[Date "2017.06.10"]
[Round "6"]
[White "Parreira, Andre Filipe Roxo"]
[Black "Pires, Emanuel Joao Robart"]
[Result "0-1"]
[WhiteElo "1914"]
[BlackElo "2054"]
[PlyCount "114"]
[EventDate "2017.06.10"]
[EventType "swiss (blitz)"]
[EventRounds "11"]
[EventCountry "POR"]
[SourceTitle "CBM 178 Extra"]
[Source "ChessBase"]
[SourceDate "2017.06.22"]
[SourceVersion "1"]
[SourceVersionDate "2017.06.22"]
[SourceQuality "1"]

1. Nf3 d6 2. d4 Nf6 3. c4 g6 4. Nc3 Bg7 5. e4 0-0 6. Be2 c5 7. h3 Nc6 8. Be3 Nd7 9. 0-0 cxd4 10. Nxd4 a6 11. Nxc6 bxc6 12. Bd4 e5 13. Be3 Qe7 14. Qd2 Rd8 15. Bg5 f6 16. Be3 Rb8 17. b3 Nf8 18. Rad1 Ne6 19. Qc1 f5 20. f3 f4 21. Bf2 h6 22. Rd2 Bd7 23. Rfd1 Be8 24. Bf1 Kh7 25. Qa3 Bf8 26. Qa5 Qb7 27. Na4 c5 28. Nc3 Nd4 29. Nd5 Bf7 30. Bxd4 cxd4 31. Rc1 Qc6 32. Rdc2 Qc5 33. Qxc5 dxc5 34. Bd3 a5 35. Rd2 Ra8 36. a4 Rab8 37. Bc2 Rb7 38. Rcd1 Rdb8 39. Rd3 g5 40. Kf2 Be6 41. Kg1 Rg7 42. R3d2 h5 43. Re2 Bd6 44. Rdd2 Rg6 45. Kf1 Rbg8 46. Ke1 Kh6 47. Kd1 g4 48. fxg4 hxg4 49. hxg4 Bxg4 50. Ke1 Bxe2 51. Rxe2 Rxg2 52. Nf6 Rxe2+ 53. Kxe2 Rg2+ 54. Kd1 f3 55. Ne8 Be7 56. Nc7 Rxc2 57. Kxc2 f2 0-1

[Event "POR-chT"]
[Site "Porto"]
[Date "2015.08.19"]
[Round "5.2"]
[White "Guerra, Vitor Manuel Vestia"]
[Black "Parreira, Andre Filipe Roxo"]
[Result "1-0"]
[WhiteElo "2119"]
[BlackElo "1868"]
[PlyCount "111"]
[EventDate "2015.08.16"]
[EventType "team-tourn"]
[EventRounds "9"]
[EventCountry "POR"]
[SourceTitle "EXT 2016"]
[Source "ChessBase"]
[SourceDate "2015.10.08"]
[SourceVersion "1"]
[SourceVersionDate "2015.10.08"]
[SourceQuality "1"]
[WhiteTeam "Mata de Benfica"]
[BlackTeam "Santoantoniense"]
[WhiteTeamCountry "POR"]
[BlackTeamCountry "POR"]

1. d4 Nf6 2. c4 e6 3. Nf3 d5 4. g3 Nbd7 5. Bg2 c6 6. 0-0 Bd6 7. Nc3 0-0 8. b3 dxc4 9. bxc4 e5 10. e3 exd4 11. exd4 Bb4 12. Qb3 Bxc3 13. Qxc3 Nb6 14. a4 Be6 15. Nd2 Qd7 16. a5 Nc8 17. Nb3 Nd6 18. Nc5 Qc8 19. Re1 Bh3 20. Bh1 Rd8 21. Bg5 Qf5 22. Re5 Qg6 23. Bf4 Nh5 24. Be3 f5 25. Ne6 Rd7 26. Ng5 f4 27. Nxh3 fxe3 28. Rxe3 Qg4 29. Bg2 Nf5 30. Re4 Nxd4 31. Rae1 Qf5 32. Rxd4 Rxd4 33. Qxd4 Nf6 34. Nf4 Qxa5 35. Ra1 Qb4 36. Rxa7 Re8 37. Ra1 c5 38. Bd5+ Kh8 39. Qd1 g5 40. Ng2 Qc3 41. Rb1 Rd8 42. Ne3 Ne4 43. Qc1 Qd4 44. Qb2 Nc3 45. Rc1 Nxd5 46. Qxd4+ cxd4 47. Nxd5 b5 48. Nb4 bxc4 49. Rxc4 Kg7 50. Nd3 Kf6 51. Kf1 Kf5 52. Rc5+ Kg4 53. Kg2 Rd6 54. h3+ Kh5 55. h4 h6 56. Nf4+ 1-0

[Event "POR-chT"]
[Site "Porto"]
[Date "2015.08.18"]
[Round "4.5"]
[White "Parreira, Andre Filipe Roxo"]
[Black "Martins, David Pires Tavares"]
[Result "0-1"]
[WhiteElo "1868"]
[BlackElo "2334"]
[PlyCount "66"]
[EventDate "2015.08.16"]
[EventType "team-tourn"]
[EventRounds "9"]
[EventCountry "POR"]
[SourceTitle "EXT 2016"]
[Source "ChessBase"]
[SourceDate "2015.10.08"]
[SourceVersion "1"]
[SourceVersionDate "2015.10.08"]
[SourceQuality "1"]
[WhiteTeam "Santoantoniense"]
[BlackTeam "Dias Ferreira"]
[WhiteTeamCountry "POR"]
[BlackTeamCountry "POR"]

1. Nf3 e6 2. c4 f5 3. d4 Nf6 4. Nc3 Bb4 5. Bd2 b6 6. e3 Bb7 7. Bd3 0-0 8. 0-0 a6 9. a3 Bd6 10. b4 c5 11. bxc5 bxc5 12. h3 Nc6 13. Rb1 Qc7 14. Na4 cxd4 15. exd4 Rab8 16. c5 Bf4 17. Bc4 Ne7 18. Rb3 Ned5 19. Bxf4 Nxf4 20. Re1 Be4 21. Nb6 a5 22. Qc1 a4 23. Rc3 Bc6 24. Ne5 Nxg2 25. Nxc6 Qxc6 26. Re5 Nh4 27. d5 Qxc5 28. Nxa4 Qd4 29. Ree3 exd5 30. Bb3 f4 31. Red3 Qe4 32. Qf1 Rxb3 33. Nc5 Qg6+ 0-1

[Event "Lisbon Christmas op"]
[Site "Lisbon"]
[Date "2014.12.30"]
[Round "9"]
[White "Parreira, Andre Filipe Roxo"]
[Black "Lopes, Jose Manuel Cidreir"]
[Result "1-0"]
[WhiteElo "1886"]
[BlackElo "1709"]
[PlyCount "111"]
[EventDate "2014.12.26"]
[EventType "swiss"]
[EventRounds "9"]
[EventCountry "POR"]
[SourceTitle "EXT 2018"]
[Source "ChessBase"]
[SourceDate "2017.10.13"]
[SourceVersion "1"]
[SourceVersionDate "2017.10.13"]
[SourceQuality "1"]

1. e4 d6 2. Nf3 Bg4 3. d4 Nf6 4. Nc3 c6 5. Bc4 b5 6. Bd3 b4 7. Nb1 e6 8. 0-0 d5 9. e5 Nfd7 10. c3 c5 11. Be3 c4 12. Bc2 Qa5 13. b3 cxb3 14. Bxb3 bxc3 15. Qd3 Bf5 16. Qxc3 Qxc3 17. Nxc3 Bb4 18. Nb5 Na6 19. Rfc1 Bd3 20. Nc7+ Nxc7 21. Rxc7 Ba5 22. Rc6 Bb5 23. Rcc1 Ke7 24. Bd2 Bxd2 25. Nxd2 Rhc8 26. f4 Nb6 27. Kf2 Rxc1 28. Rxc1 Rc8 29. Rxc8 Nxc8 30. Ke3 Nb6 31. h4 a5 32. a3 Nc4+ 33. Nxc4 dxc4 34. Bc2 h6 35. Kd2 f5 36. Kc3 Kd7 37. Bd1 Bc6 38. g3 g6 39. Be2 Bd5 40. Bxc4 Kc6 41. Be2 h5 42. Bd1 Kb5 43. Bc2 Kc6 44. Ba4+ Kb6 45. Be8 Bf3 46. Bf7 Bd5 47. Bxg6 Bf3 48. Bf7 Bd5 49. Bxh5 Bc6 50. Bf7 Bd7 51. h5 Kb5 52. h6 Ka4 53. h7 Kxa3 54. h8Q a4 55. Qb8 Bb5 56. Qxb5 1-0

[Event "POR-chT"]
[Site "Porto"]
[Date "2012.07.29"]
[Round "9.2"]
[White "Parreira, Andre Filipe Roxo"]
[Black "Pereira, Antonio Pedro Caram"]
[Result "1/2-1/2"]
[WhiteElo "1786"]
[BlackElo "2089"]
[PlyCount "67"]
[EventDate "2012.07.21"]
[EventType "team-tourn"]
[EventRounds "9"]
[EventCountry "POR"]
[SourceTitle "CBM 149 Extra"]
[Source "ChessBase"]
[SourceDate "2012.08.24"]
[SourceVersion "1"]
[SourceVersionDate "2012.08.24"]
[SourceQuality "1"]
[WhiteTeam "Santoantoniense"]
[BlackTeam "Dias Ferreira"]
[WhiteTeamCountry "POR"]
[BlackTeamCountry "POR"]

1. Nf3 c5 2. c4 Nf6 3. g3 Nc6 4. Bg2 d5 5. cxd5 Nxd5 6. Nc3 Nc7 7. 0-0 e5 8. d3 Be7 9. Be3 0-0 10. Rc1 Be6 11. a3 Qd7 12. Ne4 b6 13. b4 cxb4 14. Qc2 Bd5 15. Nxe5 Nxe5 16. Qxc7 Qxc7 17. Rxc7 Bd8 18. Rc2 bxa3 19. Bf4 Ng6 20. Bd6 Be7 21. Bxe7 Nxe7 22. Rc7 Nc6 23. Nf6+ gxf6 24. Bxd5 Nb4 25. Bxa8 Rxa8 26. d4 b5 27. e4 a2 28. d5 a5 29. d6 Rd8 30. Rc5 Rxd6 31. Rxb5 Rd2 32. Rxa5 Rb2 33. Kg2 Nc2 34. Rc1 1/2-1/2

[Event "POR-chT"]
[Site "Porto"]
[Date "2012.07.24"]
[Round "4.4"]
[White "Parreira, Andre Filipe Roxo"]
[Black "Rodrigues, Afonso"]
[Result "0-1"]
[WhiteElo "1786"]
[BlackElo "2167"]
[PlyCount "76"]
[EventDate "2012.07.21"]
[EventType "team-tourn"]
[EventRounds "9"]
[EventCountry "POR"]
[SourceTitle "CBM 149 Extra"]
[Source "ChessBase"]
[SourceDate "2012.08.24"]
[SourceVersion "1"]
[SourceVersionDate "2012.08.24"]
[SourceQuality "1"]
[WhiteTeam "Santoantoniense"]
[BlackTeam "TAP"]
[WhiteTeamCountry "POR"]
[BlackTeamCountry "POR"]

1. Nf3 g6 2. d4 Bg7 3. e4 c5 4. dxc5 Qa5+ 5. c3 Qxc5 6. Be3 Qc7 7. Bd4 e5 8. Be3 Nf6 9. Qc2 0-0 10. Bd3 d5 11. Na3 dxe4 12. Bxe4 Nxe4 13. Qxe4 Bf5 14. Qc4 Qxc4 15. Nxc4 Nc6 16. 0-0-0 Be6 17. Nd6 Bxa2 18. Nxb7 e4 19. Nd4 Ne5 20. b3 Nd3+ 21. Rxd3 exd3 22. Kb2 Bxd4 23. Bxd4 Bxb3 24. Kxb3 Rfb8 25. Kc4 Rxb7 26. Kxd3 a5 27. Ra1 a4 28. c4 a3 29. Ra2 Ra4 30. Bc5 Rb2 31. Ra1 a2 32. Bd4 Ra3+ 33. Ke4 f5+ 34. Ke5 Rb1 35. c5 Kf7 36. Kd6 Rd3 37. Ke5 Rxa1 38. Bxa1 Rd1 0-1

[Event "POR-chT"]
[Site "Porto"]
[Date "2012.07.22"]
[Round "2.3"]
[White "Parreira, Andre Filipe Roxo"]
[Black "Vassallo Barroche, Mauricio"]
[Result "0-1"]
[WhiteElo "1786"]
[BlackElo "2433"]
[PlyCount "42"]
[EventDate "2012.07.21"]
[EventType "team-tourn"]
[EventRounds "9"]
[EventCountry "POR"]
[SourceTitle "CBM 149 Extra"]
[Source "ChessBase"]
[SourceDate "2012.08.24"]
[SourceVersion "1"]
[SourceVersionDate "2012.08.24"]
[SourceQuality "1"]
[WhiteTeam "Santoantoniense"]
[BlackTeam "Vale de Cambra"]
[WhiteTeamCountry "POR"]
[BlackTeamCountry "POR"]

1. Nf3 Nf6 2. c4 g6 3. g3 Bg7 4. Bg2 d6 5. d4 0-0 6. 0-0 c6 7. Nc3 Qb6 8. Qc2 Qa6 9. b3 Nbd7 10. Bb2 b5 11. d5 cxd5 12. cxb5 Qb6 13. Rad1 Bb7 14. b4 Rfc8 15. Qb3 a5 16. Nd4 e6 17. Na4 Qd8 18. Bc3 axb4 19. Bxb4 Nc5 20. Bxc5 dxc5 21. Nc2 c4 0-1

[Event "POR-chT 52nd"]
[Site "Vila Nova de Gaia"]
[Date "2010.07.26"]
[Round "3.2"]
[White "Parreira, Andre Filipe Roxo"]
[Black "Oliveira, Luis"]
[Result "1-0"]
[WhiteElo "1748"]
[BlackElo "2125"]
[PlyCount "109"]
[EventDate "2010.07.24"]
[EventType "team-tourn"]
[EventRounds "9"]
[EventCountry "POR"]
[SourceTitle "EXT 2011"]
[Source "ChessBase"]
[SourceDate "2010.11.26"]
[SourceVersion "1"]
[SourceVersionDate "2010.11.26"]
[SourceQuality "1"]
[WhiteTeam "Santoantoniense"]
[BlackTeam "Mata de Benfica"]
[WhiteTeamCountry "POR"]
[BlackTeamCountry "POR"]

1. Nf3 Nf6 2. g3 c6 3. c4 d5 4. b3 e6 5. Bg2 Bd6 6. Bb2 0-0 7. 0-0 Nbd7 8. d4 Ne4 9. Qc2 b6 10. Ne5 Bxe5 11. Bxe4 dxe4 12. dxe5 Qc7 13. Qxe4 Bb7 14. Nd2 c5 15. Qe3 Rad8 16. Rad1 Nb8 17. Ne4 Bxe4 18. Qxe4 Nc6 19. h4 Rd7 20. Qg4 Rfd8 21. Rd6 f5 22. Rxd7 Qxd7 23. Qf3 Ne7 24. Bc3 Qc6 25. Qe3 Kf7 26. h5 h6 27. f3 Qe8 28. g4 fxg4 29. Qf4+ Kg8 30. Qxg4 Qf7 31. Kf2 Qf5 32. Qh4 Nc6 33. Rg1 Rd7 34. Qf6 Rf7 35. Qxh6 Nxe5 36. Qg5 Qxg5 37. Rxg5 Nc6 38. h6 e5 39. Rxg7+ Rxg7 40. hxg7 Kxg7 41. f4 Kf6 42. Bxe5+ Nxe5 43. fxe5+ Kxe5 44. Ke3 a6 45. Kf3 Kd4 46. e4 b5 47. Kf4 bxc4 48. bxc4 Kxc4 49. e5 Kd5 50. Kf5 c4 51. e6 Kd6 52. Kf6 c3 53. e7 c2 54. e8Q c1Q 55. Qd8+ 1-0

[Event "POR-chT 52nd"]
[Site "Vila Nova de Gaia"]
[Date "2010.07.25"]
[Round "2.2"]
[White "Ribeiro, Fernando"]
[Black "Parreira, Andre Filipe Roxo"]
[Result "1-0"]
[WhiteElo "2273"]
[BlackElo "1748"]
[PlyCount "87"]
[EventDate "2010.07.24"]
[EventType "team-tourn"]
[EventRounds "9"]
[EventCountry "POR"]
[SourceTitle "EXT 2011"]
[Source "ChessBase"]
[SourceDate "2010.11.26"]
[SourceVersion "1"]
[SourceVersionDate "2010.11.26"]
[SourceQuality "1"]
[WhiteTeam "Vale de Cambra"]
[BlackTeam "Santoantoniense"]
[WhiteTeamCountry "POR"]
[BlackTeamCountry "POR"]

1. e4 c5 2. Nf3 Nc6 3. Bb5 Nd4 4. a4 g6 5. 0-0 Bg7 6. Re1 Nf6 7. Nc3 0-0 8. d3 d6 9. h3 Nd7 10. Nd5 e6 11. Ne3 Qa5 12. Nxd4 cxd4 13. Nc4 Qc7 14. Bxd7 Bxd7 15. Bf4 e5 16. Bd2 Be6 17. b3 f5 18. Bb4 Rad8 19. f3 Bh6 20. Ba5 b6 21. Bd2 f4 22. c3 Qe7 23. cxd4 Qg5 24. g4 Qh4 25. Re2 Bg5 26. Qf1 exd4 27. Rc1 Be7 28. Be1 Qf6 29. Bf2 h5 30. Qg2 hxg4 31. hxg4 Kf7 32. e5 Qg5 33. Bxd4 d5 34. Nd6+ Bxd6 35. exd6 Rxd6 36. Qh2 Ke7 37. Qh7+ Rf7 38. Rxe6+ Rxe6 39. Rc7+ Kd6 40. Qxf7 Re1+ 41. Kg2 Re2+ 42. Kf1 Re1+ 43. Kxe1 Qh4+ 44. Bf2 1-0

[Event "POR-chT 52nd"]
[Site "Vila Nova de Gaia"]
[Date "2010.07.24"]
[Round "1.1"]
[White "Hoffman, Alejandro"]
[Black "Parreira, Andre Filipe Roxo"]
[Result "1-0"]
[WhiteElo "2445"]
[BlackElo "1748"]
[PlyCount "75"]
[EventDate "2010.07.24"]
[EventType "team-tourn"]
[EventRounds "9"]
[EventCountry "POR"]
[SourceTitle "EXT 2011"]
[Source "ChessBase"]
[SourceDate "2010.11.26"]
[SourceVersion "1"]
[SourceVersionDate "2010.11.26"]
[SourceQuality "1"]
[WhiteTeam "Gaia"]
[BlackTeam "Santoantoniense"]
[WhiteTeamCountry "POR"]
[BlackTeamCountry "POR"]

1. Nf3 c5 2. g3 Nf6 3. Bg2 g6 4. 0-0 Bg7 5. d4 cxd4 6. Nxd4 0-0 7. c4 Nc6 8. Nc3 Qb6 9. Nb3 d6 10. Be3 Qc7 11. Rc1 Be6 12. Nd5 Qd7 13. Bg5 Ne5 14. Bxf6 Bxf6 15. Nxf6+ exf6 16. Qd4 Rac8 17. Nd2 Rfd8 18. f4 Ng4 19. h3 Nh6 20. Ne4 Nf5 21. Nxf6+ Kg7 22. Qc3 Rxc4 23. Nxd7+ Rxc3 24. Rxc3 Rxd7 25. Rd1 d5 26. Ra3 d4 27. Kf2 Ne3 28. Rc1 Bc4 29. Rxa7 Ba6 30. Bf3 Nd5 31. Ra8 d3 32. Rd1 Nb6 33. Rxa6 bxa6 34. Rxd3 Rc7 35. b3 a5 36. Rd6 Nd7 37. Rc6 Ra7 38. Rc8 1-0